Cuộc tổng tấn công Tết Mậu Thân 1968 ở khu trọng điểm (Sài Gòn - Gia Định)
Nội dung sách là những khảo cứu chuyên sâu của hai tác giả Hà Minh Hồng và Trần Nam Tiến về chiến trường Khu trọng điểm Sài Gòn - Gia Định, một hình thể chiến trường độc đáo và duy nhất trong thời kháng chiến chống Mỹ cứu nước, khi thư...
Spremljeno u:
| Glavni autor: | |
|---|---|
| Daljnji autori: | |
| Format: | Knjiga |
| Jezik: | Vietnamese |
| Izdano: |
Tp Hồ Chí Minh
Tổng hợp Tp Hồ Chí Minh
2018
|
| Teme: | |
| Oznake: |
Dodaj oznaku
Bez oznaka, Budi prvi tko označuje ovaj zapis!
|
| Thư viện lưu trữ: | Thư viện Trường Đại học Nam Cần Thơ |
|---|
| LEADER | 01973nam a22002537a 4500 | ||
|---|---|---|---|
| 001 | NCT_72870 | ||
| 008 | 191216b xxu||||| |||| 00| 0 vie d | ||
| 999 | |c 3550 |d 3550 | ||
| 020 | |a 9786045872437 |c 40000 | ||
| 082 | 0 | 4 | |2 23rd ed. |a 959.7043 |b H455 |
| 100 | 1 | |a Hà Minh Hồng | |
| 245 | 1 | 0 | |a Cuộc tổng tấn công Tết Mậu Thân 1968 ở khu trọng điểm (Sài Gòn - Gia Định) |c Hà Minh Hồng, Trần Nam Tiến |
| 260 | |a Tp Hồ Chí Minh |b Tổng hợp Tp Hồ Chí Minh |c 2018 | ||
| 300 | |a 279 tr. |b minh họa |c 21cm | ||
| 520 | 3 | |a Nội dung sách là những khảo cứu chuyên sâu của hai tác giả Hà Minh Hồng và Trần Nam Tiến về chiến trường Khu trọng điểm Sài Gòn - Gia Định, một hình thể chiến trường độc đáo và duy nhất trong thời kháng chiến chống Mỹ cứu nước, khi thực hiện tổng tiến công và nổi dậy xuân Mậu Thân 1968. | |
| 653 | |a Kinh tế chính trị | ||
| 700 | 1 | |a Trần Nam Tiến | |
| 942 | |2 ddc |c BK | ||
| 952 | |0 0 |1 0 |2 ddc |4 0 |6 959_704300000000000_H455 |7 0 |9 18371 |a 000001 |b 000001 |d 2019-12-16 |o 959.7043 H455 |p MD.16238 |r 2019-12-16 |v 40000.00 |w 2019-12-16 |y BK | ||
| 952 | |0 0 |1 0 |2 ddc |4 0 |6 959_704300000000000_H455 |7 0 |9 18372 |a 000001 |b 000001 |d 2019-12-16 |o 959.7043 H455 |p MD.16239 |r 2019-12-16 |v 40000.00 |w 2019-12-16 |y BK | ||
| 952 | |0 0 |1 0 |2 ddc |4 0 |6 959_704300000000000_H455 |7 0 |9 18373 |a 000001 |b 000001 |d 2019-12-16 |o 959.7043 H455 |p MD.16240 |r 2019-12-16 |v 40000.00 |w 2019-12-16 |y BK | ||
| 952 | |0 0 |1 0 |2 ddc |4 0 |6 959_704300000000000_H455 |7 0 |9 18374 |a 000001 |b 000001 |d 2019-12-16 |o 959.7043 H455 |p MD.16241 |r 2019-12-16 |v 40000.00 |w 2019-12-16 |y BK | ||
| 952 | |0 0 |1 0 |2 ddc |4 0 |6 959_704300000000000_H455 |7 0 |9 18375 |a 000001 |b 000001 |d 2019-12-16 |o 959.7043 H455 |p MD.16242 |r 2019-12-16 |v 40000.00 |w 2019-12-16 |y BK | ||
| 980 | |a Thư viện Trường Đại học Nam Cần Thơ | ||


